| 000 | 01679nam0a2200325 i 4500 | ||
|---|---|---|---|
| 001 | RU\NLR\bibl\2023805 | ||
| 005 | 20240921191628.0 | ||
| 010 |
_a9785955802961 _bВузовский учебник |
||
| 010 |
_a978-5-16-006506-9 _91000 _bИНФРА-М |
||
| 021 |
_aRU _b2013-22854 _91599 |
||
| 035 | _a(NLR Aleph) 002011936 | ||
| 090 |
_a4463152 _c4463152 |
||
| 100 | _a20130414d2013 u y0rusy50 ca | ||
| 101 | 0 | _arus | |
| 102 | _aRU | ||
| 105 | _ay ||||||||| | ||
| 200 | 1 |
_aФинансовые технологии в маркетинге _eучебное пособие _eдля студентов высших учебных заведений, обучающихся по направлению 100700.68 "Торговое дело" по магистерской программе "Стратегия и инновации в маркетинге" _fТ.И. Урясьева |
|
| 210 |
_aМосква _cВузовский учебник _cИнфра-М _d2013 |
||
| 215 |
_a198, [1] с. _d22 |
||
| 320 | _aБиблиогр.: с. 193-194 | ||
| 606 | 1 |
_aМаркетинг _jУчебные издания для высших учебных заведений _xУправление _92081361 _3RU\NLR\auth\661257339 |
|
| 606 | 1 |
_aМаркетинг _jУчебные издания для высших учебных заведений _xЭффективность _92142941 _3RU\NLR\auth\661595965 |
|
| 686 | _aУ9(2)-361.4я73 | ||
| 686 | _aУ9(2)-361.4-21я73 | ||
| 700 | 1 |
_aУрясьева _bТ. И. _4070 |
|
| 801 | 0 |
_aRU _bNLR _c20130414 _gRCR |
|
| 801 | 1 |
_aRU _bNLR _c20130414 |
|
| 942 | _cBOOK | ||
| 980 | _aNBR | ||